[Event "Czerniak Memorial 15th"]
[Site "Tel Aviv"]
[Date "1999.04.03"]
[Round "4"]
[White "Bykhovsky, Avigdor"]
[Black "Zifroni, Dov"]
[Result "0-1"]
[WhiteElo "2453"]
[BlackElo "2501"]
[Annotator "Huzman,A"]
[PlyCount "76"]
[EventDate "1999.03.??"]
[EventType "tourn"]
[EventRounds "9"]
[EventCountry "ISR"]
[EventCategory "10"]
[SourceTitle "CBM 071"]
[Source "ChessBase"]
[SourceDate "1999.08.01"]
[SourceVersion "1"]
[SourceVersionDate "1999.08.01"]
[SourceQuality "1"]

1. d4 d5 2. c4 dxc4 3. Nf3 Nf6 4. e3 e6 5. Bxc4 c5 6. Qe2 a6 7. dxc5 Bxc5 8.
O-O b5 9. Rd1 Nbd7 10. Bd3 Bb7 11. a4 b4 12. Nbd2 (12. b3 $5 e5 13. Bf5 Qc7 14.
Bb2) 12... Qc7 13. b3 (13. Nb3 Bd6 (13... O-O 14. e4 Ng4 (14... Ba7 15. Be3)
15. h3 $5 (15. Nxc5 Nxc5 $11) 15... Nxf2 16. Nxc5 Nxd1 17. Nxb7 Qxb7 18. Qxd1
Nc5 19. Be3 (19. Qe2 Rfd8 $36 {[%csl Ra1]}) 19... Nxe4 $11) 14. e4 Ne5 (14...
Ng4 15. h3 Nge5 16. Nxe5 Nxe5 $11 17. Bf4 $140 Nf3+ 18. Qxf3 Bxf4 $11) 15. Nxe5
Bxe5 16. h3 h6 $5 (16... O-O 17. Bg5 h6 18. Rac1 Qb8 19. Bd2 $14) 17. Bd2 Bxb2
18. Rab1 (18. Bxb4 Bxa1 19. Rxa1 Qb6 20. Bc5 Qc6 $13) 18... Bc3 $17) 13... Nd5
14. Bb2 (14. Ne4 f5 (14... Nc3 15. Nxc3 bxc3 $15) 15. Nxc5 Nxc5 16. Bb2 (16.
Qc2 Nc3 $17) 16... Nxb3 17. Rab1 Nc5 18. Rbc1 Qe7 $17) 14... Nc3 $1 15. Bxc3
bxc3 {In such a positions c3 pawn can be both strong and weak. Here it is
strong trump of Black} 16. Nc4 (16. Ne4 Bb4 17. Rac1 Rc8 $17) 16... Bb4 17. Ne1
a5 (17... Nf6 18. Nc2 Be7 19. Qe1 Ng4 20. f4 $14 {[%csl Rc3]}) (17... O-O 18.
Nc2 a5 19. Bxh7+ Kxh7 20. Qd3+ f5 21. Qxd7 Qxd7 22. Rxd7 Be4 (22... Bd5 23. Nb6
) 23. Nd4 $1 (23. Nxb4 axb4 24. a5 Bc2 $132) 23... Bd5 24. Nb6 Rad8 $44) 18.
Na3 Ke7 (18... Bxa3 19. Rxa3 Rc8 20. Bb5 Bc6 21. Nc2 $132) 19. Nb5 Qe5 20. Rac1
(20. Nc2 Qg5 $1 (20... Nc5 21. Nxb4 axb4 22. Qg4 Be4 23. Bxe4 Nxe4 24. f3 (24.
Rd4 Nf6 25. Qf3 Qxb5 $1 26. axb5 Rxa1+ 27. Rd1 Rha8 $17) 24... f5 25. Qh4+ g5
26. Qh6 Qf6 27. Qxf6+ Nxf6 28. Rd4 Rhc8 29. Rc1 Nd5 $14) 21. f4 Qc5 $17) 20...
Rhd8 21. Nf3 Qc5 22. Nfd4 (22. Bc4 Ne5 23. Nfd4 (23. Nxc3 Nxf3+ 24. gxf3 Qg5+
25. Kf1 (25. Kh1 Bxc3 26. Rxc3 Qf6) 25... Qh5 $17) 23... Nxc4 24. bxc4 Rac8 25.
Nxc3 Qxc4 26. Qxc4 Rxc4 27. Ncb5 Rdc8 $17) 22... Ne5 23. f4 Nxd3 24. Qxd3 Rac8
$17 25. Qxh7 c2 $1 26. Rf1 (26. Rxc2 Qxc2 27. Nxc2 Rxd1+ 28. Kf2 Rd2+ $19)
26... Bd2 $1 27. Qh4+ $2 (27. Rxc2 Bxe3+ 28. Kh1 Qd5 29. Nf3 (29. Rd1 Rh8 30.
Nf5+ exf5 $1 (30... Qxf5 31. Qxf5 exf5 32. Re2) 31. Rxd5 Rxh7 32. Re5+ Kf6 33.
Rxc8 Bxf4 $19) 29... Rxc2 30. Qxc2 Bxf4 $17) 27... g5 28. fxg5 (28. Qg3 Be4 29.
fxg5 Bxc1 30. Rxc1 e5 $19) 28... Bxe3+ 29. Kh1 Rxd4 $19 30. Nxd4 Qxd4 31. Qh7
Bf4 (31... Kd6 $1 32. Rxf7 (32. Qxf7 Rh8 {[%cal Yh8h2]} 33. Rxc2 Rxh2+ 34. Kxh2
Qh4#)) 32. g6 Qf6 (32... Bxg2+ 33. Kxg2 Qd5+ 34. Rf3 (34. Kf2 Bxc1 35. Qxf7+
Kd6 36. g7 Qd4+ 37. Kg2 Qg4+ 38. Kh1 Bh6 $19) 34... Bxc1 35. gxf7 Bf4 $1 $19)
33. g7 (33. gxf7 Bxg2+ $1 34. Kxg2 Qg5+ 35. Kf2 (35. Kh1 Qd5+ 36. Kg1 Be3+)
35... Bxc1 36. f8=Q+ Kxf8 37. Qh8+ Ke7 38. Qxc8 Be3+ 39. Ke2 c1=Q $19) 33...
Bxg2+ $1 34. Kxg2 Qg5+ 35. Kh1 Bxc1 $2 (35... Qd5+ 36. Kg1 Be3+ 37. Rf2 Bxf2+
38. Kxf2 Qd2+ $19) 36. Rxf7+ Kd6 37. g8=Q $4 (37. Qd3+ Ke5 $1 (37... Qd5+ 38.
Qxd5+ Kxd5 (38... exd5 39. Rf8 Ba3 40. Rxc8 Bc5 41. g8=Q c1=Q+ 42. Kg2 Qc2+ 43.
Kh3 $18) 39. Rf8 Rxf8 40. gxf8=Q Be3 41. Qa8+ Kd4 42. Qa7+ Kd3 43. Qa6+ Kc3 44.
Qxa5+ Kxb3 45. Qb5+ Kc3 $11) 38. Qb5+ (38. Rf8 Be3 $19) 38... Ke4 $1 (38... Kd4
39. Qd7+ Qd5+ 40. Qxd5+ exd5 41. Rf8 Rxf8 42. gxf8=Q Be3 43. Qf6+ Kd3 44. Qa6+
Kc3 45. Qxa5+ Kb2 46. Qxd5 $11) 39. Qb7+ (39. Rf8 Be3 40. Qb7+ Ke5 41. Qb5+ Rc5
42. Qb8+ Ke4 43. Qb7+ Kd4 44. Qd7+ Ke5 $19) 39... Qd5 $1 40. Qxd5+ exd5 41. Rf8
Rxf8 $1 42. gxf8=Q Be3 $19 43. Qe7+ Kd3 44. Qh7+ Kd2 $19) 37... Rxg8 38. Rd7+
Ke5 0-1

[Event "EU-Cup 18th"]
[Site "Kallithea"]
[Date "2002.09.27"]
[Round "6.2"]
[White "Kruppa, Yuri"]
[Black "Marjanovic, Slavoljub"]
[Result "1-0"]
[WhiteElo "2544"]
[BlackElo "2485"]
[Annotator "Huzman,A"]
[PlyCount "89"]
[EventDate "2002.09.22"]
[EventType "team-swiss"]
[EventRounds "7"]
[EventCountry "GRE"]
[SourceTitle "CBM 092"]
[Source "ChessBase"]
[SourceDate "2003.02.06"]
[SourceVersion "1"]
[SourceVersionDate "2003.02.06"]
[SourceQuality "1"]
[WhiteTeam "Donetsk"]
[BlackTeam "Northern CA of DEI"]
[WhiteTeamCountry "UKR"]
[BlackTeamCountry "GRE"]

1. d4 d5 2. c4 dxc4 3. e3 e6 4. Bxc4 Nf6 5. Nf3 c5 6. O-O a6 7. Qe2 b5 8. Bd3
Nbd7 9. a4 b4 10. Nbd2 (10. Rd1 Bb7 11. Nbd2 Be7 12. Nc4 Qc7 13. Bd2 O-O 14.
Rac1 Rfd8 15. a5 Be4 16. Bxe4 Nxe4 17. Nfe5 Nxe5 18. dxe5 Nxd2 19. Rxd2 Rxd2
20. Qxd2 Rd8 21. Qc2 Qd7 22. h3 g6 23. Kf1 h5 {1/2-1/2 Reinartz,G-Raetsky,A/
Germany 1999/EXT 2001 (23)}) 10... Bb7 11. Nc4 Qc7 (11... Be7 12. a5 O-O 13.
Rd1 (13. Nfe5 Rc8 14. Rd1 cxd4 15. exd4 Nd5 16. Nxd7 Qxd7 17. Ne5 Qd6 18. Qe4
f5 19. Qe2 Rxc1 20. Raxc1 Nf4 21. Qc2 Bxg2 $44 {0-1 Maki Uuro,M-Pulkkinen,K/
Helsinki 1997/EXT 98 (38)}) 13... Qc7 14. Bd2 Be4 15. Bxe4 Nxe4 16. Rac1 Qb7
17. Nfe5 Nef6 18. dxc5 Bxc5 19. Nxd7 Nxd7 20. Ne5 Nxe5 21. Rxc5 Nd7 22. Rc4 Qb5
23. Kf1 Ne5 24. Rxb4 Qxa5 25. Bc3 $14 {1-0 Franco Ocampos,Z-Rivera,A/Havana
1998/CBM 65 (67)}) 12. Bd2 Be7 (12... Ne4 13. Rac1 Be7 14. Rfd1 O-O 15. Be1 a5
16. Nfe5 Rfd8 17. f3 Nef6 18. Nxd7 Rxd7 19. Bg3 Qd8 20. Ne5 Rc7 21. dxc5 Qc8
22. Nc4 Rxc5 23. Bd6 $16 {1-0 Bates,R-Duncan,C/Hampstead 1998/CBM 63 ext (41)})
13. Rfc1 O-O 14. a5 Be4 15. Bxe4 Nxe4 16. Be1 Qb7 17. Nfe5 $1 {[%mdl 36] The
beginning of a very strong plan allowing White to take advantage of his
opponent's Q-side weaknesses by rapidly making all the way to the endgame.}
Nef6 (17... Nxe5 18. dxe5 $1 {[%csl Re4]}) (17... Rad8 18. Nxd7 (18. Qf3 cxd4
19. exd4 Nb8 $132) 18... Rxd7 19. Nb6 Rc7 20. dxc5 Bxc5 21. f3 Nd6 22. Na4 Rfc8
23. Qd3 Ba7 24. Rxc7 Qxc7 25. Nb6 $1 $16) 18. Qf3 $1 Qxf3 19. gxf3 Nxe5 (19...
cxd4 20. Nc6 Bc5 (20... Nd5 21. e4 Bg5 22. exd5 Bxc1 23. Rxc1 exd5 24. Nb6 $18)
21. exd4 Rfc8 (21... Rac8 22. Nxb4 $16) 22. Nb6 $1 Nxb6 23. axb6 Rxc6 24. dxc5
b3 25. Rxa6 $1 Rxa6 26. b7 Nd7 27. Rd1 $18) (19... Rac8 20. Nb6 Nxb6 21. axb6
$16) 20. dxe5 Nd5 (20... Nd7 $142 21. Rd1 Rfd8 22. Rac1 $14) 21. Nd6 f6 (21...
Rfd8 22. Rxc5 f6 (22... Bxd6 23. exd6 Rxd6 24. Rd1 Rdd8 25. Rc6 $16 {[%csl Ra6,
Rb4]}) 23. Rc6 (23. f4 Bxd6 24. exd6 Rxd6 25. Rd1 Rad8 26. b3 $14 {[%csl Rb4]})
23... fxe5 24. Ne4 $14) (21... Bxd6 22. exd6 Rac8 23. Rc4 Rfd8 24. Rac1 Rxd6
25. Rxc5 Rxc5 26. Rxc5 $14 {[%csl Ra6,Rb4]}) 22. f4 fxe5 (22... Bxd6 23. exd6
Rac8 24. Rc4 Rfd8 25. Rac1 Rxd6 26. Rxc5 Rxc5 27. Rxc5 $14) 23. fxe5 Bxd6 24.
exd6 Rad8 25. Rxc5 Rxd6 26. Rac1 $14 b3 27. Rc6 Rfd8 28. Rxd6 Rxd6 29. Rc8+ Kf7
30. Rb8 $16 e5 31. Rxb3 Rc6 32. Kf1 e4 33. Rb7+ Rc7 (33... Kg6 34. b4 Rc7 35.
Rb8 $16) 34. Rb8 h5 35. Ra8 $1 Rc6 36. Ra7+ Kg6 37. Rd7 $1 Nf6 38. Rb7 Rc2 (
38... Nd5 39. b4 Rc7 40. Rb8 $16) 39. h3 $1 Nd5 40. Rd7 $1 Nf6 41. Rd6 Rxb2 42.
Bc3 $1 Rc2 43. Bd4 $18 Kf5 44. Rxa6 Nh7 45. Bxg7 1-0

[Event "RUS-Cup03 Geller Memorial"]
[Site "Moscow"]
[Date "1999.02.07"]
[Round "6"]
[White "Korobov, Ilya"]
[Black "Zaitsev, Vadim"]
[Result "1-0"]
[WhiteElo "2372"]
[BlackElo "2412"]
[Annotator "Huzman,A"]
[PlyCount "49"]
[EventDate "1999.02.10"]
[EventType "swiss"]
[EventRounds "9"]
[EventCountry "RUS"]
[SourceTitle "CBM 070"]
[Source "ChessBase"]
[SourceDate "1999.06.08"]
[SourceVersion "1"]
[SourceVersionDate "1999.06.08"]
[SourceQuality "1"]

1. d4 d5 2. c4 e6 3. Nf3 dxc4 4. e3 Nf6 5. Bxc4 c5 6. Qe2 Nc6 7. O-O a6 8. dxc5
Bxc5 9. e4 Nd4 10. Nxd4 Qxd4 11. Nd2 $1 {[%cal Gd2b3,Gb3d4,Gb3c5]} (11. Nc3 Nd7
(11... b5 12. Bd3 h5 13. Be3 Qe5 14. Bxc5 Ng4 15. g3 Qxc5 16. Rac1 Qg5 17. f3
Nh6 18. e5 $16 {1/2-1/2 Bobrowska,M-Peng,Z/Germany 1997/EXT 99 (43)}) 12. Be3
Qe5 13. f4 Bxe3+ 14. Qxe3 Qc5 15. Qxc5 Nxc5 16. b4 Nd7 17. e5 b5 18. Bd3 Bb7
19. Ne4 O-O 20. Nd6 Bd5 21. a4 $16 {1-0 Pelletier,Y-Pavasovic,D/Pula 1997/EXP
57 (38)}) 11... Qe5 (11... b5 12. Bd3 {-see text of the game}) 12. Bd3 b5 (
12... O-O 13. Nf3 Qh5 14. Bf4 $1 $14) 13. Nf3 Qc7 (13... Qh5 14. e5 Nd7 (14...
Nd5 15. Qc2 $18) 15. Rd1 Bb7 16. Be4 $16) 14. Bg5 Bb7 (14... Ng4 15. Rac1 $16)
15. Rac1 Qb6 16. a4 (16. a3 $5 h6 17. Bf4 O-O 18. b4 $36) 16... O-O $6 (16...
bxa4 $142 17. Bxf6 (17. Qc2 Nd7 18. Qxa4 Bc6 $11) 17... gxf6 18. Qc2 Rc8 19.
Qxa4+ Kf8 20. Rc2 $14) 17. a5 $1 Qa7 $8 (17... Qd6 18. e5 Bxf3 19. gxf3 Qd5 20.
f4 Nd7 21. Be4 $18) 18. Bxf6 gxf6 19. e5 $1 Bxf3 (19... f5 20. Ng5 h6 21. Qh5 (
21. Nh3 $5) 21... Kg7 (21... hxg5 22. Qxg5+ Kh8 23. Bxf5 exf5 24. Rc3 $18) 22.
Rxc5 $5 Qxc5 23. Qxf7+ Rxf7 24. Nxe6+ Kh8 25. Nxc5 $16) 20. Bxh7+ (20. Qxf3 f5
$14 (20... fxe5 21. Qg3+ Kh8 22. Qxe5+ $18)) 20... Kxh7 21. Qxf3 Rg8 $2 (21...
Rfd8 22. Rc3 $1 f5 (22... fxe5 23. Qg4 $1 $18) (22... Bd4 23. Qh5+ Kg8 24. Rg3+
Kf8 25. Qh8+ Ke7 26. Qxf6+ Kd7 27. Rg7 $18) 23. Qh5+ Kg8 24. Rg3+ Kf8 25. b4 $1
Bd4 (25... f4 26. Qh6+ Ke7 27. Qxf4 Bd4 28. Qf6+ Kd7 29. Rg7 $18) 26. Qh8+ Ke7
27. Qf6+ Kd7 28. Rg7 $1 Kc6 (28... Rf8 29. Rxf7+ Rxf7 30. Qxf7+ Kc8 (30... Kd8
31. Qxe6 $18) 31. Rc1+ Kd8 32. Qf8+ Kd7 33. Qd6+ Ke8 34. Rc7 $18)) (21... Rh8
22. Rc3 $1 Bf8 23. Rfc1 $1 $18 {[%cal Gc3c7,Gc7a7,Gc7f7]}) (21... Rfc8 $142 $1
22. Rc3 (22. Qh3+ Kg8 23. Qg3+ Kf8 24. exf6 Ke8) (22. exf6 Kg6 (22... Bf8))
22... fxe5 (22... f5 23. b4 Bxf2+ (23... Bf8 24. Qh5+ Kg8 25. Rg3+ Bg7 26. Qh6
$18) (23... Bd4 24. Qh5+ Kg8 25. Rg3+ Kf8 26. Qh8+ Ke7 27. Qf6+ Kf8 28. Rh3 $18
) 24. Rxf2 Rxc3 25. Qxc3 Rd8 $132) (22... Bxf2+ 23. Rxf2 Rxc3 24. Qxc3 fxe5 25.
Qh3+ Kg8 26. Qg3+ Kh7 27. Qxe5 $36)) 22. Qh5+ Kg7 23. exf6+ $18 Kxf6 24. Rxc5
Rg6 25. Qe5+ 1-0

[Event "Capablanca Memorial Elite 33rd"]
[Site "Havana"]
[Date "1998.05.14"]
[Round "6"]
[White "Agdestein, Simen"]
[Black "Arencibia Rodriguez, Walter"]
[Result "1/2-1/2"]
[WhiteElo "2570"]
[BlackElo "2535"]
[Annotator "Huzman,A"]
[PlyCount "138"]
[EventDate "1998.05.07"]
[EventType "tourn"]
[EventRounds "11"]
[EventCountry "CUB"]
[EventCategory "12"]
[SourceTitle "CBM 065"]
[Source "ChessBase"]
[SourceDate "1998.08.06"]
[SourceVersion "1"]
[SourceVersionDate "1998.08.06"]
[SourceQuality "1"]

1. d4 d5 2. c4 dxc4 3. Nf3 e6 4. e3 Nf6 5. Bxc4 c5 6. O-O a6 7. Qe2 b5 8. Bd3
Nbd7 9. a4 b4 10. Nbd2 Be7 (10... Bb7 11. Nb3 cxd4 12. exd4 Bd5 13. Nbd2 Qb6
14. Nc4 Qb7 15. Bf4 Be7 16. Rfc1 O-O 17. Na5 Qb6 18. Bc7 Qa7 19. Nc6 Bxc6 20.
Rxc6 $36 {Gaprindashvili,N-Ye Rongguang/Kuala Lumpur 1994/1-0 (72)}) 11. Nb3 (
11. e4 cxd4 12. e5 Nd5 13. Nb3 Bb7 14. Bd2 O-O 15. Rfc1 Qb6 16. a5 Qa7 17. Rc4
g6 18. Rxd4 Nc5 19. Nxc5 Qxc5 20. h4 $40 {1-0 Ribli,Z-Xu Jun/Subotica izt 1987
(32)}) 11... Bb7 12. a5 O-O 13. e4 cxd4 14. Nfxd4 Ne5 15. Bb1 (15. Bc2 Rc8 {
[%cal Yc8c2]}) 15... Rc8 16. Kh1 (16. f4 Nc6 (16... Nc4 17. e5 Nd7 (17... Nd5
18. f5 $36) 18. Rd1 Bd5 $11) 17. Nxc6 Rxc6 (17... Bxc6 18. Bd3 {[%csl Ra6]})
18. Rd1 Qc7 $132) 16... Qc7 17. f4 Ng6 (17... Nc4 $5 {[%csl Ra1]}) (17... Nc6
18. Be3 $11) 18. Bd3 (18. e5 Nd7 $15 {[%cal Yb7h1,Yg6h4,Yh4g2]}) 18... e5 19.
fxe5 Qxe5 (19... Nxe5 20. Bxa6 Bxa6 21. Qxa6 Nxe4 22. Bf4 $14) 20. Rf5 (20.
Bxa6 Bxa6 21. Qxa6 Ng4 22. Nf3 Qxe4 $36) 20... Qb8 21. e5 (21. Bxa6 $5 Bxa6 22.
Qxa6 Nxe4 23. Qe2 (23. Nc6 Qd6 24. Nxe7+ Qxe7 $11) 23... Nd6 24. Rf1 Rfe8 $132)
21... Nd5 22. Bd2 (22. Qh5 Nc7 (22... Qa8 $5 {[%cal Ya8g2]})) 22... Rce8 {
[%csl Re5]} 23. Qh5 Nc7 24. Re1 Qa8 25. Rf2 Ne6 26. Nf5 (26. Nxe6 fxe6 27. Bxg6
hxg6 28. Rxf8+ Rxf8 29. Qxg6 Bd5 $44 {[%cal Yf8f2,Yf2g2,Ya8g2] /=/+}) 26...
Bxg2+ 27. Kg1 {[%csl Rb4][%cal Gf5e7]} (27. Rxg2 $5 Qxg2+ 28. Kxg2 Nef4+ (28...
Ngf4+ 29. Kh1 Nxh5 30. Bxa6 $44 (30. Nxe7+ Rxe7 31. Bxb4 (31. Be2 Nhf4 32. Bxb4
Rb7 33. Bxf8 Nxe2 34. Ba3 (34. Rxe2 Kxf8 $17 {[%csl Ra5,Re5]}) 34... N2f4 $15 {
/-/+}) 31... Rd7 32. Bxf8 Rxd3 33. Nc5 Rd2 34. Nxe6 fxe6 $15)) 29. Kh1 Nxh5 30.
Bxa6 $44 (30. Nxe7+ Rxe7 (30... Nxe7 31. Be2 g6 32. Bxb4 $44) 31. Bxb4 (31.
Bxg6 hxg6 32. Bxb4 Rb7 33. Bxf8 Rxb3 $15) 31... Rxe5 32. Rxe5 Nxe5 33. Bxh7+
Kxh7 34. Bxf8 $11)) 27... Bc5 (27... Qd5 28. Bc2 $44) 28. Nxc5 Nxc5 29. Bb1 $44
{[%cal Gd2b4,Gb4f8]} Be4 30. Bxb4 Bxb1 $2 (30... Rxe5 $1 31. Bxc5 Bf3 32. Rxe5
(32. Rxf3 Rxe1+ 33. Rf1 Rxf1+ 34. Kxf1 Qh1+ 35. Bg1 Rd8 $15) 32... Bxh5 33.
Ne7+ $1 Nxe7 34. Rxh5 Ng6 35. Bxf8 Nxf8 36. Ba2 $11) 31. Bxc5 Bxf5 32. Qxf5 (
32. Bxf8 Be6 (32... Bc8 33. Bxg7 $1 Qc6 (33... Kxg7 34. Rxf7+ $1 Kxf7 35. Qxh7+
$18) (33... Qd5 {[%cal Yc8b7]} 34. e6 $1 $18) 34. e6 Rxe6 35. Rxe6 Bxe6 $16)
33. Bc5 Qd5 34. b4 $14 {/+/-}) 32... Ne7 33. Qd7 Qc6 34. Qxc6 Nxc6 35. b4 (35.
e6 $1 $16) 35... Re6 36. Bxf8 Kxf8 $16 {/+-} 37. Re4 (37. Rc1 $5 Nxe5 38. Rc7)
37... Nxe5 38. Kf1 Ke7 39. Rc2 f5 $6 (39... f6 $142) 40. Rd4 (40. Ree2 $1 Kf6
41. Rc5 f4 42. b5 $18 axb5 $140 43. Rexe5 Rxe5 44. Rxe5 Kxe5 45. a6 $18) 40...
Kf6 41. h3 g5 42. Rd5 g4 $132 43. b5 (43. hxg4 $2 Nxg4 $17) 43... gxh3 $1 44.
Rcc5 {[%cal Gd5f5,Gc5f5]} (44. b6 Ng4 {[%cal Yg4e3,Ye3f1,Ye3c2,Ye3d5]} 45. b7
h2 46. Rxh2 Nxh2+ 47. Kg1 Re8 $17) 44... h2 $8 (44... axb5 45. Rxe5 Rxe5 46.
Rxe5 Kxe5 47. a6 $18) 45. Kg2 Ng4 46. Rxf5+ Ke7 {[%cal Ye6e1,Yh2h1,Ye1h1]} 47.
Rh5 axb5 48. Rxh7+ (48. Rxb5 h6 49. Kf3 Re1 50. a6 h1=Q+ 51. Rxh1 Rxh1 52. Ra5
h5 53. a7 Rf1+ 54. Ke2 Rf8 $11) 48... Kd6 (48... Kf6 49. Rxb5 Re1 50. Rbh5 $16)
49. Rxb5 Re1 50. Rbh5 Ra1 51. Kg3 (51. a6 Nf6 52. R7h6 Ke7 $14 {/+/-}) 51...
Nf6 52. R7h6 Ke7 53. Re5+ Kd6 54. Reh5 Ke7 55. Rxh2 Rxa5 $14 {/+/-} 56. Rb2 Rf5
57. Rb6 Kf7 58. Rb7+ Ke6 59. Rh4 Nh5+ 60. Kg2 Nf4+ 61. Kh2 Nd5 62. Rb5 Nf6 63.
Rxf5 Kxf5 64. Kg3 Ne4+ 65. Kf3 Ng5+ 66. Ke3 Ne6 67. Ra4 Ke5 68. Ra5+ Kd6 69.
Ke4 Nc5+ 1/2-1/2

[Event "Tan Chin Nam Cup 4th"]
[Site "Beijing"]
[Date "1998.06.11"]
[Round "4"]
[White "Ehlvest, Jaan"]
[Black "Lin, Weiguo"]
[Result "1-0"]
[WhiteElo "2610"]
[BlackElo "2460"]
[Annotator "Huzman,A"]
[PlyCount "75"]
[EventDate "1998.06.08"]
[EventType "tourn"]
[EventRounds "11"]
[EventCountry "CHN"]
[EventCategory "12"]
[SourceTitle "CBM 066"]
[Source "ChessBase"]
[SourceDate "1998.09.30"]
[SourceVersion "1"]
[SourceVersionDate "1998.09.30"]
[SourceQuality "1"]

1. Nf3 d5 2. d4 Nf6 3. c4 dxc4 4. e3 e6 5. Bxc4 c5 6. Qe2 a6 7. dxc5 Bxc5 8.
O-O O-O 9. e4 Nc6 10. e5 (10. Bg5 e5 11. h3 Nd4 12. Nxd4 Bxd4 13. Nc3 h6 14.
Bxf6 Qxf6 $15 {0-1 Neunhoeffer,H-Schulz,K/BL8384 1984 (21)}) 10... Nd7 (10...
Nd5 11. Rd1 (11. Qe4 Nde7 12. h4 Nf5 13. Bg5 Qc7 14. Nbd2 b5 15. Bd3 Bb7 16.
Rac1 Ncd4 17. Qg4 Qb6 18. b4 Nxf3+ 19. Nxf3 Bxf3 20. bxc5 $16 {1-0 Yakovich,
Y-Ruchieva,N/Helsinki op 1992 (30)}) 11... Be7 12. Qe4 b5 13. Bd3 $1 g6 14. Bh6
Re8 15. Nbd2 Ncb4 16. Bf1 Bb7 17. Qg4 Rc8 18. Ne4 $36 {Ftacnik,L 1-0 Nogueiras,
J-Ricardi,P/Buenos Aires Najdorf 1991 (41)}) 11. Bf4 (11. Rd1 Qc7 12. Bf4 Rd8
13. Nc3 Nf8 14. Rxd8 Nxd8 15. Ne4 Be7 16. h4 $36 {1-0 Ulibin,M-Galinsky,T/
Minsk op 1997 (39)}) (11. Bd3 Be7 12. Rd1 Qc7 13. Bf4 Nc5 14. Nc3 Nxd3 15. Rxd3
Nb4 16. Rd4 Rd8 17. Rc4 Nc6 18. Ne4 $14 {Bunzmann,D-Videki,S/Budapest FS06 GM
1997/0-1 (47)}) 11... b5 (11... Qc7 12. Nbd2 Rd8 13. Rac1 Nf8 14. Ne4 Ng6 15.
Nxc5 Nxf4 16. Qe3 Ng6 17. Rfe1 b6 18. Nd3 Bb7 19. Nf4 Nxf4 20. Qxf4 {1/2-1/2
Kargoll,B-Hoang Than Trang/Budapest FS02 IM-A 1994}) 12. Bd3 g6 (12... Bb7 $4
13. Bxh7+ Kxh7 14. Ng5+ Kg6 (14... Kg8 15. Qh5 $16) 15. Qe4+ f5 16. exf6+ $18)
13. Nbd2 Bb7 14. Rfd1 (14. Ne4 Nd4 15. Nxd4 Bxd4 $132) 14... Nd4 (14... Nb4 $5
15. Be4 (15. Ne4 Nxd3 16. Rxd3 Bd5 (16... Bxe4 17. Qxe4 Bxf2+ (17... Qc7 18. b4
Bb6 19. Rad1 $16) 18. Kxf2 Nc5 19. Rxd8 Nxe4+ 20. Ke3 Rfxd8 21. Kxe4 $16) 17.
Rad1 Qc7 $132) 15... Nd5 (15... Qc7 16. Bxb7 Qxb7 17. Ne4 $16) 16. Bh6 Re8 $14)
15. Nxd4 Bxd4 16. Be4 $1 Ra7 (16... Qb6 17. Bxb7 Qxb7 18. Ne4 $18) 17. Bxb7
Rxb7 18. Ne4 $16 {[%csl Rf6][%cal Gd1d8]} Qb6 19. Rac1 $1 {[%cal Ge4d6]} f6 20.
exf6 Nxf6 21. Nxf6+ (21. Nd6 $1 e5 (21... Rd7 22. Qxe6+ Kg7 23. Rxd4 Qxd4 24.
Be5 Rxd6 25. Qxd6 $18) (21... Nh5 22. Qxe6+ Rbf7 23. Rc8 $1 Kg7 (23... Bxf2+
24. Kh1 Kg7 25. Be5+ $18) 24. Rxd4 $18) 22. Nxb7 exf4 23. Qf3 Bxb2 24. Qb3+ $18
) 21... Rxf6 (21... Bxf6 22. Rd6 $18) 22. Rxd4 Qxd4 23. Be5 Qd8 24. Bxf6 Qxf6
25. Rc6 $16 {/+-} Rf7 (25... Qf5 26. g3 $16) 26. Rxa6 Rc7 27. g3 $18 Qf5 28.
Rd6 (28. Rxe6 $1 Rc1+ 29. Kg2 Rc2 (29... Qd5+ 30. Qe4 $18) 30. Re8+ Kg7 31.
Qe7+ Kh6 (31... Qf7 32. Qe5+ Kh6 33. Qe3+ $18) 32. Qh4+ Kg7 (32... Qh5 33. Qf4+
Qg5 34. Qxg5+ Kxg5 35. Re5+ $18) 33. Qd4+ $18) 28... Qb1+ (28... Rc2 29. Qe3
Rxb2 30. Rd8+ $18) 29. Kg2 Qxa2 30. Qxb5 (30. Rd8+ Kf7 (30... Kg7 31. Qe5+ $18)
31. Qf3+ $18) 30... Qa8+ 31. Kh3 Qc8 32. Qb3 Rb7 33. Qf3 Kg7 (33... Rxb2 34.
Qf6 Rb8 $14 (34... e5+ 35. Kh4 $16)) 34. Rd2 Qb8 35. Qc3+ Kf7 36. Kg2 $16 Rb3
$4 37. Rd7+ $18 Ke8 38. Qg7 1-0

[Event "Sanjin Hotel Cup"]
[Site "Taiyuan"]
[Date "2004.07.19"]
[Round "3"]
[White "Lputian, Smbat G"]
[Black "Xu, Jun"]
[Result "1/2-1/2"]
[WhiteElo "2634"]
[BlackElo "2617"]
[Annotator "Huzman,A"]
[PlyCount "43"]
[EventDate "2004.07.17"]
[EventType "tourn"]
[EventRounds "9"]
[EventCountry "CHN"]
[EventCategory "16"]
[SourceTitle "CBM 102"]
[Source "ChessBase"]
[SourceDate "2004.09.23"]
[SourceVersion "1"]
[SourceVersionDate "2004.09.23"]
[SourceQuality "1"]

1. d4 d5 2. Nf3 Nf6 3. c4 dxc4 4. e3 e6 5. Bxc4 c5 6. O-O a6 7. Qe2 Nc6 8. Rd1
Qc7 9. Nc3 Be7 10. dxc5 Bxc5 11. b3 O-O (11... b5 12. Bd3 Nb4 13. Be4 (13. Bb1
Bb7 14. Bb2 O-O 15. a3 Nbd5 16. Nxd5 Bxd5 17. b4 Be7 18. e4 Bc4 19. Bd3 Bxd3
20. Rxd3 Rfd8 $11 {0-1 Nazarko,S-Schuh,H/Buehl 1992/GER (41)}) 13... Bb7 14.
Bxb7 Qxb7 15. Bb2 O-O 16. Rac1 Rac8 17. Ne5 Qe7 18. a4 Bd6 19. Ng4 Nxg4 20.
Qxg4 f5 21. Qe2 bxa4 22. Nxa4 Rxc1 23. Rxc1 $14 {1-0 Zaltsman,V-Agree,A/New
York 1983/MCD (47)}) 12. Bb2 h6 (12... b5 13. Bd3 Bb7 14. Rac1 (14. a4 $5 bxa4
(14... b4 15. Ne4 Nxe4 16. Bxe4 f5 17. Ne5 $1 Nxe5 18. Bxe5 Qf7 19. Bxb7 Qxb7
20. Rac1 $16) 15. Nxa4 Be7 16. Rdc1 $14) 14... Nb4 15. Bb1 Qe7 16. a3 Nc6 (
16... Nbd5 $4 17. Nxd5 Bxd5 18. Bxf6 gxf6 19. Qc2 $18) 17. Nxb5 $1 axb5 18.
Bxf6 gxf6 19. Qc2 f5 20. Qxc5 Rxa3 21. Qxb5 Qb4 22. Qxb4 Nxb4 23. Nd4 $14) 13.
Bd3 {[%cal Gc3e4] White is preparing a typical for this kind of position move
Ne4.} e5 $6 {[%csl Rd5]} (13... b6 $5 14. Ne4 Nxe4 15. Bxe4 Bb7 16. Rac1 Qe7
$14) 14. Ne4 Be7 15. Rac1 $16 Nd7 {[%cal Yf7f5]} 16. Bc4 $1 Qb8 17. Qd3 $6 (17.
Nc3 $1 Nb6 18. Nd5 Nxc4 19. Qxc4 $16) 17... Nb6 (17... Nb4 $2 18. Qb1 b5 19.
Be2 f5 20. Ng3 e4 21. a3 $16) 18. Nd6 $6 (18. Ng3 $5 Nxc4 19. Qxc4 Be6 20. Qc2
{[%cal Gg3f5]} g6 21. h4 $5 h5 22. Ng5 $36) (18. Nc3 $5 Rd8 19. Nd5 Nxd5 20.
Bxd5 Be6 21. e4 Nb4 22. Qe2 Nxd5 23. Bxe5 Qa7 (23... Nf4 24. Rxd8+ Bxd8 25. Qf1
Nh3+ 26. gxh3 Qa7 27. Qg2 f6 28. Bf4 Kh7 29. Nh4 $36) 24. exd5 Bxd5 25. Bc7
Bxf3 26. Qxf3 Rxd1+ 27. Rxd1 Re8 28. h3 $14 {[%cal Gd1d7]}) 18... Bxd6 19. Qxd6
Nxc4 20. Rxc4 Qxd6 21. Rxd6 Be6 22. Rc1 (22. Rc1 Rac8 23. Kf1 e4 24. Nd2 Nb4
$132) 1/2-1/2